| 000 | 01142nam a22003257a 4500 | ||
|---|---|---|---|
| 003 | CHAP | ||
| 005 | 20220329134907.0 | ||
| 008 | 971013s1962 r 00010 d | ||
| 010 | _a27642 | ||
| 011 | _a28614 | ||
| 035 | _a32720 | ||
| 040 | _cCHAP | ||
| 082 |
_a980.04 _bK53 1962 |
||
| 100 | 0 | 0 |
_aKidder, Frederick Elwyn _ecomp. _963169 |
| 245 | _aTheses on Pan American topics, prepared by candidates for doctoral degress in universities and colleges in the United States and Canada | ||
| 250 | _a4 ed. | ||
| 260 |
_aWashington : _bPan American Union, Columbus Memorial Library, _c1962 |
||
| 300 | _a124 p. | ||
| 490 |
_aBibliographic _v; 5 |
||
| 590 |
_aBATCH-UPD _b10 _c20130110 _lUCH01 _h0154 |
||
| 590 |
_aBATCH-UPD _b10 _c20130110 _lUCH01 _h1841 |
||
| 590 |
_aBATCH-UPD _b10 _c20130410 _lUCH01 _h1211 |
||
| 590 |
_aCONVERSION _b10 _c20130109 _lUCH01 _h1316 |
||
| 650 | 1 | 4 |
_aAmerica Latina _xBibliografia. _95386 |
| 650 | 1 | 4 |
_aAmerica Latina _xDiscursos, ensayos, conferencias etc. _95398 |
| 830 | 0 |
_aBibliographic _v; 5 _912211 |
|
| 901 | _aBK | ||
| 942 | _cLIBRO | ||
| 949 |
_a980.04 K53 1962 _bBC _cC _d33724000656419 _eC _h26119 _i32720 _si |
||
| 999 |
_c27642 _d27642 |
||